Návrh opatrení na zlepšenie činností personálneho marketingu pre vybranú skupinu zamestnancov v podmienkach ŽOS Trnava, a.s.

Gespeichert in:
Bibliographische Detailangaben
1. Verfasser: Krištofičová, Petra (Verfasst von)
Weitere Verfasser: Chlpeková, Andrea (Betreuung Doktorarbeit)
Format: Manuskript Buch
Sprache:Slowakisch
Veröffentlicht: 2019
Schlagworte:
Online-Zugang:http://is.stuba.sk/zp/portal_zp.pl?podrobnosti=134546
Tags: Tag hinzufügen
Keine Tags, Fügen Sie das erste Tag hinzu!

MARC

LEADER 00000ntm a22000003a 4500
001 stuzp72818
003 SK-STU
005 20190622211050.1
007 ta
008 150427s2015----xo-----f-mn---000-0-slo-d
040 |a STU  |b slo 
041 0 |a slo 
100 1 |a Krištofičová, Petra  |u 064000  |4 aut  |U MTF Materiálovotechnologická fakulta  |T MTF Ústav priemyselného inžinierstva a manažmentu  |X 70734  |U M4000  |Y 84  |7 70734 
242 0 1 |a Proposal of measures for improvement of personnel marketing activities for selected group of employees under the conditions of ŽOS Trnava, a.s.  |y eng 
245 1 0 |a Návrh opatrení na zlepšenie činností personálneho marketingu pre vybranú skupinu zamestnancov v podmienkach ŽOS Trnava, a.s. 
260 |c 2019 
650 4 |a Personálny marketing  |2 slo 
650 4 |a Plánovanie ľudských zdrojov  |2 slo 
650 4 |a Vzdelávanie  |2 slo 
650 4 |a Personal marketing  |2 eng 
650 4 |a Human resource planning  |2 eng 
650 4 |a Education  |2 eng 
700 1 |a Chlpeková, Andrea  |u 064000  |k Z1  |4 ths  |U MTF Materiálovotechnologická fakulta  |T MTF Ústav priemyselného inžinierstva a manažmentu  |X 237  |U M4000  |Y 84  |7 A000000237 
856 4 |u http://is.stuba.sk/zp/portal_zp.pl?podrobnosti=134546 
996 |c M* BP-8587  |l MMSKP  |s P  |a 0  |w stuzp72818_0001